Flagi odkrywające flagi #1 - Statystyki

Ogólne statystyki
  • Ten quiz został rozwiązany 12 610 razy
  • Średni wynik to 17 z 21
Odpowiedzi na mapie
Odpowiedzi zakodowano w zielono-czerwonej skali na mapie do tego quizu, zgodnie z poniższymi procentami.
 
Statystyki odpowiedzi
Odpowiedź % Poprawnych
Japonia
100%
Portugalia
98%
Włochy
95%
Czechy
94%
Grecja
94%
Algieria
91%
Urugwaj
91%
Panama
90%
Wietnam
90%
Ukraina
88%
Bhutan
84%
Singapur
84%
Uganda
81%
Peru
80%
Wybrzeże Kości Słoniowej
78%
Botswana
70%
Jemen
67%
Zambia
67%
Palau
65%
Republika Środkowoafrykańska
63%
Antigua i Barbuda
62%
Nie znaleziono quizów pasujących do podanych kryteriów
Rozkład punktacji
Procent ludzi z każdym wynikiem
Percentyl według liczby udzielonych odpowiedzi
Twoja historia wyników
Nie rozwiązałeś tego quizu